Hướng dẫn thực hành kế toán tài chính doanh nghiệp; kế toán thuế, sơ đồ hạch toán kế toán

Zapisane w:
Opis bibliograficzny
1. autor: Võ Văn Nhị
Format: Książka
Język:Undetermined
Wydane: H. Thống Kê 2003
Hasła przedmiotowe:
Etykiety: Dodaj etykietę
Nie ma etykietki, Dołącz pierwszą etykiete!
Thư viện lưu trữ: Trung tâm Học liệu Trường Đại học Cần Thơ
LEADER 00592nam a2200181Ia 4500
001 CTU_54984
008 210402s9999 xx 000 0 und d
020 |b 42000 
082 |a 657.4 
082 |b Nh300 
100 |a Võ Văn Nhị 
245 0 |a Hướng dẫn thực hành kế toán tài chính doanh nghiệp; kế toán thuế, sơ đồ hạch toán kế toán 
245 0 |c Võ Văn Nhị 
260 |a H. 
260 |b Thống Kê 
260 |c 2003 
650 |a accounting,tax accounting 
980 |a Trung tâm Học liệu Trường Đại học Cần Thơ